000 00284nam a22001337a 4500
008 170920b xxu||||| |||| 00| 0 eng d
020 _a082121506
041 _aeng
080 _a7
100 _a45
101 _aART
245 _aEL GRECO OF TOLEDO
_cBROWN.J
942 _2udc
_cBK
999 _c28444
_d28444